Kivalina (Record no. 123436)
[ view plain ]
| 000 -LEADER | |
|---|---|
| fixed length control field | 01831nam a2200373 a 4500 |
| 082 04 - DEWEY DECIMAL CLASSIFICATION NUMBER | |
| Classification number | 979.8/7 |
| 100 1# - MAIN ENTRY--AUTHOR NAME | |
| Personal name | Shearer, Christine. |
| 245 10 - TITLE STATEMENT | |
| Title | Kivalina |
| 260 ## - PUBLICATION, DISTRIBUTION, ETC. (IMPRINT) | |
| Place of publication | Chicago, Ill. : |
| Name of publisher | Haymarket Books ; |
| Place of publication | [St. Paul, Minn.] : |
| Name of publisher | Distributed to the trade by Consortium Book Sales and Distribution, |
| Year of publication | 2011. |
| 300 ## - PHYSICAL DESCRIPTION | |
| Number of Pages | vii, 199 p. : |
| Other physical details | map, port. |
| 505 0# - FORMATTED CONTENTS NOTE | |
| Formatted contents note | The science of persuasion. -- Blueprint for denial -- Shaping legality -- The industrial revolution and climate change. -- Fossilized fuels and U.S. power -- Global what? -- Kivalina. -- The human face of global warming -- Relocation in a neoliberal state. |
| 650 #0 - SUBJECT ADDED ENTRY--TOPICAL TERM | |
| Topical Term | Inupiat |
| Topical Term | Climatic changes |
| Topical Term | Environmental justice |
| Topical Term | Climate change mitigation |
| 856 40 - ELECTRONIC LOCATION AND ACCESS | |
| Uniform Resource Identifier | http://site.ebrary.com/lib/rucke/Doc?id=10488319 |
No items available.
